| 000 | 00376 a2200157 4500 | ||
|---|---|---|---|
| 001 | 59980 | ||
| 020 | _a9783126753050 | ||
| 040 | _cAnchieta - Pituba | ||
| 100 | _aMouriki, Marina | ||
| 240 | 1 | 0 |
_aPerfekt in Deutsch _ldeu / ger |
| 245 | 1 | 0 | _aPerfekt in Deutsch |
| 300 | _a175 | ||
| 362 | 0 | _a2008 | |
| 650 | 4 | _aLínguas germânicas (teutônicas) língua alemã | |
| 942 | _cBK | ||
| 999 |
_c59980 _d59980 |
||